[Event "Las Palmas Insular-chT Primera-A"]
[Site "Las Palmas"]
[Date "2016.01.09"]
[Round "8.2"]
[White "Santana Montjoy, Javier"]
[Black "Artiles Exposito, Juan Enrique"]
[Result "1-0"]
[WhiteElo "1794"]
[BlackElo "1465"]
[PlyCount "84"]
[EventDate "2015.10.17"]
[EventType "team-tourn"]
[EventRounds "14"]
[EventCountry "ESP"]
[SourceTitle "CBM 170 Extra"]
[Source "ChessBase"]
[SourceDate "2016.02.25"]
[SourceVersion "1"]
[SourceVersionDate "2016.02.25"]
[SourceQuality "1"]
[WhiteTeam "La Caja de Canarias III"]
[BlackTeam "Tres W "]
[WhiteTeamCountry "ESP"]
[BlackTeamCountry "ESP"]

1. d4 e6 2. c4 f5 3. Nc3 Nf6 4. g3 Be7 5. Bg5 0-0 6. Bg2 c6 7. Bxf6 Bxf6 8. e4 Qb6 9. Nge2 d6 10. 0-0 e5 11. Na4 Qc7 12. c5 fxe4 13. dxe5 dxe5 14. Bxe4 Be6 15. Qc2 g6 16. Rad1 Na6 17. a3 Qf7 18. Nc1 Nc7 19. Nc3 Rad8 20. b4 Rxd1 21. Rxd1 Nd5 22. Bxd5 Bxd5 23. Nxd5 cxd5 24. Nb3 h5 25. c6 bxc6 26. Qxc6 Rd8 27. Nc5 Be7 28. Nb7 Rb8 29. Rxd5 Rf8 30. Rd2 h4 31. Qd5 hxg3 32. hxg3 Bf6 33. Nc5 Qxd5 34. Rxd5 Re8 35. Ne4 Bd8 36. Rd7 a5 37. bxa5 Be7 38. a6 Kf8 39. a7 Ra8 40. Rb7 Kf7 41. Nd6+ Ke6 42. Nb5 Bc5 1-0

[Event "Las Palmas Insular-chT Primera-A"]
[Site "Las Palmas"]
[Date "2015.10.17"]
[Round "1.3"]
[White "Henriquez Cazorla, Laura"]
[Black "Artiles Exposito, Juan Enrique"]
[Result "0-1"]
[WhiteElo "1491"]
[BlackElo "1465"]
[PlyCount "118"]
[EventDate "2015.10.17"]
[EventType "team-tourn"]
[EventRounds "14"]
[EventCountry "ESP"]
[SourceTitle "CBM 170 Extra"]
[Source "ChessBase"]
[SourceDate "2016.02.25"]
[SourceVersion "1"]
[SourceVersionDate "2016.02.25"]
[SourceQuality "1"]
[WhiteTeam "La Caja de Canarias III"]
[BlackTeam "Tres W "]
[WhiteTeamCountry "ESP"]
[BlackTeamCountry "ESP"]

1. d4 Nf6 2. c4 e6 3. Nf3 Bb4+ 4. Bd2 Bxd2+ 5. Nbxd2 0-0 6. g3 d5 7. b3 c5 8. cxd5 cxd4 9. dxe6 Bxe6 10. Bg2 d3 11. exd3 Qxd3 12. Rc1 Bg4 13. Nc4 Re8+ 14. Ne3 Rxe3+ 15. fxe3 Qxe3+ 16. Kf1 Nc6 17. Qd2 Qb6 18. Qc3 Ne4 19. Qe1 Re8 20. Rc2 Qb5+ 21. Kg1 Nf6 22. Qf1 Qf5 23. Re2 Rd8 24. h3 Bxf3 25. Bxf3 Nd4 26. Rf2 Qe5 27. Rg2 Qe3+ 28. Rf2 Nxf3+ 29. Kg2 Ng5 30. Qe2 Qb6 31. Rc1 h6 32. Qe7 Qd6 33. Qxd6 Rxd6 34. Rc7 Rb6 35. Rd2 Nge4 36. Rc8+ Kh7 37. Kf3 Ng5+ 38. Kg2 Nge4 39. Rdc2 Nd5 40. Re2 f5 41. Rf8 Ndf6 42. Ra8 a6 43. Rb8 Kg6 44. Rc2 Nd5 45. Rcc8 Nb4 46. Rc7 Nd6 47. Rg8 Nf7 48. Rf8 Rf6 49. Rxb7 Nxa2 50. Kf3 Ne5+ 51. Kf4 Rxf8 52. Kxe5 Rf6 53. h4 h5 54. b4 Nc3 55. Kf4 Nd5+ 56. Kf3 Rb6 57. Rxb6+ Nxb6 58. Ke3 Nd5+ 59. Kd4 Nxb4 0-1

[Event "Canarias-chT"]
[Site "Vecindario"]
[Date "2015.06.11"]
[Round "1.3"]
[White "Artiles Exposito, Juan Enrique"]
[Black "Ruiz Delgado, Basilio"]
[Result "0-1"]
[WhiteElo "1962"]
[BlackElo "1736"]
[PlyCount "79"]
[EventDate "2015.06.11"]
[EventType "team-swiss"]
[EventRounds "6"]
[EventCountry "ESP"]
[SourceTitle "EXT 2024"]
[Source "ChessBase"]
[SourceDate "2023.10.10"]
[SourceVersion "1"]
[SourceVersionDate "2023.10.10"]
[SourceQuality "1"]
[WhiteTeam "Tres W"]
[BlackTeam "La Caja de Canarias"]
[WhiteTeamCountry "ESP"]
[BlackTeamCountry "ESP"]

1. e4 c5 2. Nf3 Nc6 3. d4 cxd4 4. Nxd4 Nf6 5. Nc3 e5 6. Ndb5 d6 7. Bg5 a6 8. Na3 b5 9. Bxf6 gxf6 10. Nd5 f5 11. Bd3 Be6 12. c3 Bg7 13. 0-0 0-0 14. f3 fxe4 15. fxe4 Bxd5 16. exd5 Ne7 17. Qh5 f5 18. Bxf5 Qb6+ 19. Kh1 Rxf5 20. Rxf5 Nxf5 21. Qxf5 Rf8 22. Qd3 Qf2 23. Rg1 Qxb2 24. Nb1 Qxa2 25. Nd2 Qa3 26. Ne4 b4 27. Rb1 b3 28. c4 Rf4 29. Nd2 Qa2 30. Rxb3 Rf2 31. Rb8+ Kf7 32. Rb7+ Kf8 33. Rb8+ Ke7 34. Rb7+ Kd8 35. Qxh7 Qxd2 36. Qb1 Rxg2 37. Rb8+ Ke7 38. Rb7+ Kf6 39. Qh7 Qg5 40. Rxg7 0-1